| 000 | 00668nam a2200193Ia 4500 | ||
|---|---|---|---|
| 008 | 151121s9999||||xx |||||||||||||| ||und|| | ||
| 082 | _a813/कुलक | ||
| 082 | _bHNW-115642 | ||
| 100 | _aकुलकर्णी लता | ||
| 245 | _aकाळोखाचा अंकुर | ||
| 260 | _b"श्री नवदुर्गा प्रकाशन, कोल्हापूर।" | ||
| 260 | _c2014 | ||
| 300 | _a243 | ||
| 600 | _aकुलकर्णी लता | ||
| 630 | _aकाळोखाचा अंकुर | ||
| 700 | _aकुलकर्णी लता | ||
| 730 | _aकाळोखाचा अंकुर | ||
| 942 | _cBOOK | ||
| 999 |
_c1264356 _d1264353 |
||